Chhaganbha : (Record no. 143688)
[ view plain ]
| 000 -LEADER | |
|---|---|
| fixed length control field | 00602nam a22001937a 4500 |
| 005 - DATE AND TIME OF LATEST TRANSACTION | |
| control field | 20170823112906.0 |
| 010 ## - LCCN (DPL NO) | |
| LC control number | ENG-119984 |
| 020 ## - INTERNATIONAL STANDARD BOOK NUMBER | |
| International Standard Book Number | 9789381110669 |
| Terms of availability | 150.00 |
| 035 ## - SYSTEM CONTROL NUMBER | |
| System control number | EN-103516 |
| 037 ## - SOURCE OF ACQUISITION | |
| Source of stock number/acquisition | DBAD/PUB |
| 082 ## - DEWEY DECIMAL CLASSIFICATION NUMBER | |
| Classification number | 361.24092 |
| 100 ## - MAIN ENTRY--PERSONAL NAME | |
| Personal name | Patel, Mohanlal |
| 245 ## - TITLE STATEMENT | |
| Title | Chhaganbha : |
| Statement of responsibility, etc | by Mohanlal Patel ; Translated by Nila Shah |
| Remainder of title | a pole star of wisdom / |
| 260 ## - PUBLICATION, DISTRIBUTION, ETC. (IMPRINT) | |
| Place of publication, distribution, etc | Kadi |
| Name of publisher, distributor, etc | Sarva Vidyalaya Kelavani Mandal |
| Date of publication, distribution, etc | 2014 |
| 270 ## - ADDRESS | |
| Address | Sarva Vidyalaya Kelavani Mandal |
| City | Kadi |
| Postal code | 382715 |
| 300 ## - PHYSICAL DESCRIPTION | |
| Extent | 151p. |
| Dimensions | 22cm(Hb) |
| 700 ## - ADDED ENTRY--PERSONAL NAME | |
| Personal name | Shah, Nila |
| 942 ## - ADDED ENTRY ELEMENTS (KOHA) | |
| Source of classification or shelving scheme | Dewey Decimal Classification |
| Item type | English Books |
| Classification part | 361.24092 |
| Call number suffix | PAT |
| Withdrawn status | Lost status | Not for loan | Collection code | Home library | Current library | Date acquired | Source of acquisition | Cost, normal purchase price | Full call number | Barcode | Copy number | Cost, replacement price | Koha item type |
|---|---|---|---|---|---|---|---|---|---|---|---|---|---|
| Non-fiction | Patel Nagar | Patel Nagar | 23/08/2017 | DBAD/PUB | 150.00 | 361.24092 PAT | EN-103516 | 1 | 150.00 | English Books |
